000 00802nam a22002057a 4500
003 BUBTL
008 230409b ||||| |||| 00| 0 eng d
020 _a9789848005149
082 _a891.4401/ T129m/ 2020
100 _92429
_aঠাকুর, রবীন্দ্রনাথ
245 _aমানসী /
_c রবীন্দ্রনাথ ঠাকুর
250 _a 1st Edn
260 _aঢাকা:
_bআগামী প্রকাশনী,
_cc2020
300 _a198 p.:
_c22 cm.
505 _aরবীন্দ্রনাথ ঠাকুর, বাংলা সাহিত্য, বাংলা, মানসী
650 0 _91687
_aবাংলা সাহিত্য
856 _k0
_l0
_yDownload
942 _2ddc
_cBK
999 _c7025
_d7025